"New" Places by Hint - Statistics

General Stats
  • This quiz has been taken 19 times
  • The average score is 15 of 19
Answer Stats
Hint Answer % Correct
The Big Apple New {York} {City}
100%
Former name of the place above given by the Dutch New {Amsterdam}
95%
It replaced Kolkata as the capital of India in 1931 New {Delhi}
95%
U.S. states New J{ersey}
95%
Known for jazz and its annual Mardi Gras celebrations New {Orleans}
95%
U.S. states New Y{ork}
95%
Kiwi are flightless birds endemic to this country New {Zealand}
95%
U.S. states New H{ampshire}
89%
U.S. states New M{exico}
89%
The only officially bilingual province in Canada New {Brunswick}
84%
A group of islands in the Pacific that have a dedicated chapter in the French Constitution New {Caledonia}
84%
Large island next to Labrador New{foundland}
84%
Country with the largest number of languages and dialects {Papua} New {Guinea}
84%
Most populous state in Australia, also including Australia's most populous city New {South} {Wales}
79%
Where "a Yankee" comes from New {England}
63%
Home to Yale University New {Haven}
63%
Location of Liberty International Airport, 9 miles from Manhattan New{ark}
58%
Name of the French colonized territory in North America New {France}
58%
Once was a leading centre for coal mining and shipbuilding New{castle} {upon} {Tyne}
26%
No matching quizzes found
Score Distribution
Percent of People with Each Score
Percentile by Number Answered
Your Score History
You have not taken this quiz